Maillots retirés en NBA - Statistiques

Statistiques générales
  • Ce quiz a été pris 1 480 fois
  • Le résultat moyen est 64 sur 210
Statistiques - réponses
Numéro Joueurs % Correct
23 Michael Jordan
93%
8 | 24 Kobe Bryant
88%
32 | 34 Shaquille O'Neal
86%
9 Tony Parker
84%
33 Larry Bird
82%
33 Scottie Pippen
82%
21 Tim Duncan
81%
33 Kareem Abdul-Jabbar
80%
13 Wilt Chamberlain
79%
6 Bill Russell
76%
34 Hakeem Olajuwon
76%
21 Kevin Garnett
74%
6 Avery Johnson
73%
3 Dennis Johnson
73%
32 Earvin Johnson
73%
25 Gus Johnson
73%
32 Karl Malone
73%
7 Kevin Johnson
73%
8 Marques Johnson
73%
2 | 24 Moses Malone
73%
15 Vinnie Johnson
73%
20 Manu Ginóbili
72%
10 Dennis Rodman
71%
41 Dirk Nowitzki
71%
3 Dwyane Wade
71%
50 David Robinson
70%
3 Allen Iverson
68%
11 Isiah Thomas
68%
13 Steve Nash
66%
34 Paul Pierce
65%
44 Jerry West
64%
33 Patrick Ewing
63%
34 Charles Barkley
62%
31 Reggie Miller
62%
21 Dominique Wilkins
61%
12 John Stockton
61%
6 | 32 Julius Erving
61%
9 Tony Allen
61%
9 Bob Pettit
59%
5 Jason Kidd
59%
1 | 14 Oscar Robertson
59%
22 Clyde Drexler
58%
20 Gary Payton
58%
14 Bob Cousy
54%
10 Tim Hardaway
51%
40 Shawn Kemp
49%
3 Ben Wallace
48%
55 Dikembe Mutombo
47%
00 Robert Parish
47%
17 John Havlicek
46%
33 Alonzo Mourning
44%
1 Chris Bosh
44%
22 Elgin Baylor
43%
32 Kevin McHale
42%
42 James Worthy
40%
11 Yao Ming
40%
32 Bill Walton
39%
4 Joe Dumars
39%
40 Bill Laimbeer
38%
1 Chauncey Billups
38%
44 George Gervin
37%
25 K.C. Jones
37%
24 Sam Jones
37%
50 Zach Randolph
37%
24 Bobby Jones
36%
4 Chris Webber
36%
17 Chris Mullin
35%
2 Alex English
33%
10 Walt Frazier
33%
41 Wes Unseld
33%
19 Willis Reed
33%
7 | 44 Pete Maravich
31%
24 Rick Barry
31%
11 Elvin Hayes
30%
52 Buck Williams
27%
1 Gus Williams
27%
25 Mark Price
27%
7 Bingo Smith
26%
15 Brad Davis
26%
6 Walter Davis
26%
10 Bob Love
23%
18 Dave Cowens
22%
33 David Thompson
22%
16 Peja Stojaković
22%
21 Vlade Divac
22%
12 Bruce Bowen
21%
10 Jo Jo White
21%
42 Nate Thurmond
20%
32 Rip Hamilton
20%
3 Dražen Petrović
19%
25 Gail Goodrich
18%
2 Mitch Richmond
18%
4 Sidney Moncrief
18%
53 Mark Eaton
17%
4 Adrian Dantley
16%
10 | 15 Earl Monroe
16%
11 Žydrūnas Ilgauskas
16%
43 Brad Daugherty
15%
15 Hal Greer
15%
10 Maurice Cheeks
14%
1 Nate Archibald
14%
16 Bob Lanier
13%
22 Dave DeBusschere
13%
22 Larry Nance
13%
19 Lenny Wilkens
13%
31 Cedric Maxwell
12%
4 Nick Collison
12%
30 Terry Porter
12%
32 Billy Cunningham
11%
12 Derek Harper
11%
14 Jeff Hornacek
11%
20 Maurice Lucas
11%
529 Bob Leonard
10%
21 Dave Bing
10%
32 Fred Brown
10%
35 Roger Brown
10%
22 Rolando Blackman
10%
1 Walter Brown
10%
2 Arnold Auerbach
9%
4 Jerry Sloan
9%
35 Reggie Lewis
9%
32 Sean Elliott
9%
24 Tom Chambers
9%
23 Calvin Murphy
8%
44 Dan Issel
8%
9 Dan Majerle
8%
12 Fat Lever
8%
23 Lou Hudson
8%
15 Tom Heinsohn
8%
24 Bill Bradley
7%
43 Jack Sikma
7%
52 Jamaal Wilkes
7%
6 Les Fans
7%
36 Lloyd Neal
7%
34 Austin Carr
6%
2 Chuck Daly
6%
55 Dikembe Mutumbo
6%
19 Don Nelson
6%
45 Rudy Tomjanovich
6%
33 Alvan Adams
5%
21 Bill Sharman
5%
16 Tom Sanders
5%
10 Bob Dandridge
4%
42 Connie Hawkins
4%
30 George McGinnis
4%
13 James Silas
4%
44 Paul Westphal
4%
13 Bobby Phills
3%
11 Bob Davies
3%
12 Dick Barnett
3%
5 Dick Van Arsdale
3%
23 Frank Ramsey
3%
77 Jack Ramsay
3%
00 Johnny Moore
3%
23 John Williamson
3%
2 Malik Sealy
3%
10 Nate McMillan
3%
24 Spencer Haywood
3%
16 Al Attles
2%
40 Byron Beck
2%
35 Darrell Griffith
2%
15 Dick McGuire
2%
432 Doug Moe
2%
22 Ed Macauley
2%
45 Geoff Petrie
2%
27 Jack Twyman
2%
2 Junior Bridgeman
2%
12 Maurice Stokes
2%
34 Mel Daniels
2%
45 Phil Chenier
2%
613 Red Holzman
2%
44 Sam Lacey
2%
25 Bill Melchionni
1%
30 Bob Gross
1%
32 Brian Winters
1%
832 Cotton Fitzsimmons
1%
13 Dan Marino
1%
13 David Twardzik
1%
1 Frank Layden
1%
14 Jon McGlocklin
1%
15 Larry Steele
1%
1 Larry Weinberg
1%
14 Lionel Hollins
1%
14 Tom Meschery
1%
4 Wendell Ladner
1%
Aucun quiz correspondant
Distribution des résultats
% des personnes avec chaque résultat
Percentile par nombre de réponses
Votre historique - résultats
Vous n’avez pas pris ce quiz